000 00426nam a2200145Ia 4500
008 100122s9999 xx 000 0 und d
082 _b30944
_a823.08
100 _aपरचुरे श्री दि
245 _aउन्मेष
260 _bचिंतामणी साहित्य सहयोग
_c1980
300 _a123
630 _aउन्मेष
730 _aउन्मेष
942 _cBOOK
999 _c415714
_d415711